أبو حيان التوحيدي / Abū Ḥaiyān at-Tauḥīdī
محفوظ في:
المؤلف الرئيسي:
التنسيق: كتاب
اللغة: Undetermined
منشور في:
Cairo
Maktabat Nahḍat Miṣr,
1964
الوسوم: إضافة وسم
لا توجد وسوم, كن أول من يضع وسما على هذه التسجيلة!
رقم الطلب: A99 HOFI
| LEADER | 00400nam a2200121Ia 4500 | ||
|---|---|---|---|
| 008 | 240404s9999||||xx |||||||||||||| ||und|| | ||
| 050 | 4 | |a A99 HOFI | |
| 100 | 1 | |a Aḥmad Muḥammad al- Ḥūfī. | |
| 245 | 1 | 0 | |a أبو حيان التوحيدي / Abū Ḥaiyān at-Tauḥīdī |c Aḥmad Muḥammad al- Ḥūfī |
| 264 | 1 | |a Cairo |b Maktabat Nahḍat Miṣr, |c 1964 | |
| 300 | |a 158 |c 21 | ||
| 942 | |2 lcc |c BK | ||
| 999 | |c 58025 |d 58025 | ||
